<?xml version="1.0" encoding="UTF-8"?><?xml-stylesheet type="text/xsl" href="static/style.xsl"?><OAI-PMH xmlns="http://www.openarchives.org/OAI/2.0/" xmlns:xsi="http://www.w3.org/2001/XMLSchema-instance" xsi:schemaLocation="http://www.openarchives.org/OAI/2.0/ http://www.openarchives.org/OAI/2.0/OAI-PMH.xsd"><responseDate>2026-06-29T07:28:16Z</responseDate><request verb="GetRecord" identifier="oai:docta.ucm.es:20.500.14352/114684" metadataPrefix="marc">https://docta.ucm.es/rest/oai/request</request><GetRecord><record><header><identifier>oai:docta.ucm.es:20.500.14352/114684</identifier><datestamp>2025-03-18T11:43:52Z</datestamp><setSpec>com_20.500.14352_14</setSpec><setSpec>col_20.500.14352_15</setSpec></header><metadata><record xmlns="http://www.loc.gov/MARC21/slim" xmlns:dcterms="http://purl.org/dc/terms/" xmlns:xsi="http://www.w3.org/2001/XMLSchema-instance" xmlns:doc="http://www.lyncode.com/xoai" xsi:schemaLocation="http://www.loc.gov/MARC21/slim http://www.loc.gov/standards/marcxml/schema/MARC21slim.xsd">
   <leader>00925njm 22002777a 4500</leader>
   <datafield ind2=" " ind1=" " tag="042">
      <subfield code="a">dc</subfield>
   </datafield>
   <datafield ind2=" " ind1=" " tag="720">
      <subfield code="a">Luna Costales, Amparo</subfield>
      <subfield code="e">author</subfield>
   </datafield>
   <datafield ind2=" " ind1=" " tag="720">
      <subfield code="a">Herrera García, Fernando</subfield>
      <subfield code="e">author</subfield>
   </datafield>
   <datafield ind2=" " ind1=" " tag="720">
      <subfield code="a">Esteban Arderíus, Pablo</subfield>
      <subfield code="e">author</subfield>
   </datafield>
   <datafield ind2=" " ind1=" " tag="720">
      <subfield code="a">Almendros Requena, Pedro</subfield>
      <subfield code="e">author</subfield>
   </datafield>
   <datafield ind2=" " ind1=" " tag="260">
      <subfield code="c">2021-07-15</subfield>
   </datafield>
   <datafield ind2=" " ind1=" " tag="520">
      <subfield code="a">The synergy between metal catalysis and radical chemistry allows to surpass previous limitations of the reactions between allenols and sulfonylating reagents. Considering that previous studies of the reactivity of the allenol moiety with sulfonylating reagents have been limited to addition and rearrangement reactions lacking cyclization, we decided to modify the protocol for achieving a catalytic cyclization/functionalization. In this way, we accomplished a copper-catalyzed cascade cycloetherification/sulfonylation for the controlled preparation of 4-(arylsulfonyl)-2,5-dihydrofurans from allenols and sulfinates involving in situ-generated sulfur-centered radicals. The generality of our strategy was illustrated using various methyl- and phenyl-substituted allenes.</subfield>
   </datafield>
   <datafield ind1="8" ind2=" " tag="024">
      <subfield code="a">Herrera F, Esteban P, Luna A, Almendros P. Metal‐Catalyzed Reactivity Reversal in the Sulfonylation Reaction of α‐Allenols: Controlled Synthesis of 4‐(Arylsulfonyl)‐2,5‐Dihydrofurans. Advanced Synthesis &amp; Catalysis. 2021, 363 (16), 3952–3956.</subfield>
   </datafield>
   <datafield ind1="8" ind2=" " tag="024">
      <subfield code="a">1615-4150</subfield>
   </datafield>
   <datafield ind1="8" ind2=" " tag="024">
      <subfield code="a">10.1002/adsc.202100668</subfield>
   </datafield>
   <datafield ind1="8" ind2=" " tag="024">
      <subfield code="a">https://hdl.handle.net/20.500.14352/114684</subfield>
   </datafield>
   <datafield ind1="8" ind2=" " tag="024">
      <subfield code="a">1615-4169</subfield>
   </datafield>
   <datafield ind1="8" ind2=" " tag="024">
      <subfield code="a">https://onlinelibrary.wiley.com/doi/10.1002/adsc.202100668</subfield>
   </datafield>
   <datafield ind1="8" ind2=" " tag="024">
      <subfield code="a">https://digital.csic.es/handle/10261/253691</subfield>
   </datafield>
   <datafield ind2="0" ind1="0" tag="245">
      <subfield code="a">Metal-catalyzed reactivity reversal in the sulfonylation reaction of α-allenols: controlled synthesis of 4-(arylsulfonyl)-2,5-dihydrofurans</subfield>
   </datafield>
</record></metadata></record></GetRecord></OAI-PMH>